| 000 | 00457nam a2200169Ia 4500 | ||
|---|---|---|---|
| 008 | 100405t1992 xxu||||| |||| 00| 0 sin d | ||
| 041 | _asin | ||
| 080 |
_aX8S31 _bWIC |
||
| 100 | _aWickramasingha, Martin | ||
| 245 | _aභවතරණය | ||
| 246 | _aBava Tharanaya ( LIB / 63 / 6 / 25 ) | ||
| 260 |
_bSarasa _aRajagiriya _c1992 _c1998 _c2001 _c2005 |
||
| 300 | _a203p., 21 cm | ||
| 942 | _cBK | ||
| 999 |
_c74162 _d74162 |
||
| 003 | LK-CoDNM | ||
| 040 |
_aLK-CoDNM _dLK-CoDNM _eLK-CoDNM |
||